000 00270nam a2200109Ia 4500
008 200302s9999 xx 000 0 und d
100 _aP K Joy
245 _aTotal Project Management The Indian Context
260 _bTrinity Press Ltd.,
260 _c2014
300 _a600 P
999 _c4213
_d4213